000
00297nam a2200097Ia 4500
082
_a
320.968 GUME
245
0
_a
Restless nation : making sense of troubled times
100
_a
Kondlo, Kwandiwe Merriman South Africa, 2011
_9
34061
942
_c
BK
008
210817s9999 xx 000 0 und d
999
_c
240409
_d
240408